Parking easements (Record no. 70898)
[ view plain ]
| 000 -LEADER | |
|---|---|
| fixed length control field | 01186cam a2200253 4500 |
| 001 - CONTROL NUMBER | |
| control field | ABS65671 |
| 008 - FIXED-LENGTH DATA ELEMENTS--GENERAL INFORMATION | |
| fixed length control field | 020805n2002 000 0 eng u |
| 035 ## - SYSTEM CONTROL NUMBER | |
| System control number | (Sirsi) u119180 |
| 100 ## - MAIN ENTRY--PERSONAL NAME | |
| Personal name | Barsby, A |
| 245 ## - TITLE STATEMENT | |
| Title | Parking easements |
| 260 ## - PUBLICATION, DISTRIBUTION, ETC. | |
| Date of publication, distribution, etc. | 2002 |
| 490 ## - SERIES STATEMENT | |
| Series statement | Solicitors' Journal |
| Volume/sequential designation | 146(22) 14 June 2002, 542-543 (2) |
| 520 ## - SUMMARY, ETC. | |
| Summary, etc. | Considers the current state of the law on the right to park as an easement. Parking has become a valuable and contentious right. It can be seen as a particular form of storage of goods on land. As it is not a homogeneous activity the law varies according to what is actually involved. Analyses separately parking in a parking space and parking in a larger area. Gives background on easements of storage and an example bringing in "Batchelor v Marlow" which states that parking that monopolises an area of land is too great an interference to subsist as an easement. |
| 590 ## - LOCAL NOTE (RLIN) | |
| Local note | ABS |
| 650 ## - SUBJECT ADDED ENTRY--TOPICAL TERM | |
| Topical term or geographic name entry element | PARKING |
| 650 ## - SUBJECT ADDED ENTRY--TOPICAL TERM | |
| Topical term or geographic name entry element | PARKING SPACES |
| 650 ## - SUBJECT ADDED ENTRY--TOPICAL TERM | |
| Topical term or geographic name entry element | EASEMENTS |
| 650 ## - SUBJECT ADDED ENTRY--TOPICAL TERM | |
| Topical term or geographic name entry element | DYCE V HAY |
| 650 ## - SUBJECT ADDED ENTRY--TOPICAL TERM | |
| Topical term or geographic name entry element | STONEBRIDGE V BYGRAVE |
| 650 ## - SUBJECT ADDED ENTRY--TOPICAL TERM | |
| Topical term or geographic name entry element | BATCHELOR V MARLOW |
| 650 ## - SUBJECT ADDED ENTRY--TOPICAL TERM | |
| Topical term or geographic name entry element | NEWMAN V JONES |
| 690 ## - LOCAL SUBJECT ADDED ENTRY--TOPICAL TERM (OCLC, RLIN) | |
| Topical term or geographic name as entry element | Boundary disputes |
| 9 (RLIN) | 6221 |
| 942 ## - ADDED ENTRY ELEMENTS (KOHA) | |
| Suppress in OPAC | 0 |
| Withdrawn status | Lost status | Source of classification or shelving scheme | Damaged status | Not for loan | Home library | Current library | Shelving location | Date acquired | Total Checkouts | Full call number | Barcode | Date last seen | Copy number | Price effective from | Koha item type |
|---|---|---|---|---|---|---|---|---|---|---|---|---|---|---|---|
| Dewey Decimal Classification | London | London | Journal article | 05/08/2002 | ABS65671 | 119180-1001 | 06/08/2019 | 1 | 06/08/2019 | Journal article |